00621 2200229 4500001002100000005001500021035002000036007000300056008004100059020002200100082001000122084001600132100001800148245008300166250001000249260002800259300002900287650003500316700001800351990001100369990001100380INLIS00000000000385320190731084952 a0010-0719000271ta190731 g 0 ind  a978-602-9212-39-6 a745.5 a745.5 PAU p0 aPAULUS, Phoek1 aPlush :bPanduan Berkreasi dan Berbisnis /cPaulus Phoek; editor, Facmy Casofa acet.1 aSolo :bMetagraf,c2012 a111 hlm :bilus ;c27 cm 4aKETERAMPILAN. KERAJINAN TANGAN0 aFACMY, Casofa a5455 a a5455 b